000 01065nam a22003017a 4500
001 BRCA_9408
003 FranzMayer
005 20230918125559.0
008 230904b |||||||| |||| 00| 0 eng d
020 _a9879609107
040 _aMFM
_bESPAÑOL
_cMFM
050 0 _aND25973
_bP76 1997
110 1 _4Responsable
_aProa
_929586
240 _aRufino Tamayo
_hNoviembre 1996-Enero 1997
_lEspañol
245 0 _aRufino Tamayo
_bNoviembre 1996-Enero 1997
260 _aBuenos Aires, Argentina
_bProa
_c1997
300 _a113 p
_bIlustraciones a color
_c32 cm
500 _aAnexo 1
505 _aTexto en: españolIncluye índice temáticoIncluye bibliografíaDirigido a: artistas, historiadores de arte
650 1 _2Tamayo, Rufino 1899-1991
651 2 _2Pintura mural
_aSiglo XX
_vMéxico
_929587
700 1 _4Textos
_aTibol, Raquel
_929588
700 1 _4Textos
_aPaz, Octavio
_929589
700 1 _4Textos
_aBrughetti, Romualdo
_929590
700 1 _4Textos
_aRoland, Alfredo E.
_929591
700 1 _4Textos
_aPereda, Juan Carlos
_929592
942 _2lcc
_cB
999 _c11030
_d11030